| 000 | 00644nam a2200229 a 4500 | ||
|---|---|---|---|
| 999 |
_c2266 _d2266 |
||
| 001 | 2266 | ||
| 003 | BD-JhCC | ||
| 005 | 20171031172733.0 | ||
| 008 | 171031s2010 bg |||| |||| 000 0 ben d | ||
| 020 | _a9844585325 | ||
| 035 | _a(BD-JhCC)2266 | ||
| 040 |
_aBD-JhCC _dBD-JhCC |
||
| 041 | _aben | ||
| 082 |
_a891.443 _bHOQ 2010 |
||
| 100 | _aহক, আনিসুল | ||
| 245 |
_aদুঃস্বপ্নের যাত্রী / _cআনিসুল হক. |
||
| 260 |
_aঢাকা : _bসময় প্রকাশন, _c2010. |
||
| 300 |
_a103 p. : _c22 cm. |
||
| 650 | _aBengali Novel | ||
| 942 |
_2ddc _cBK |
||